000 00599cam a22002291 4500
001 sa 67001249
003 DLC
005 20260227112321.0
008 890514m19639999xx b 000 0 ara
010 _asa 67001249
035 _a(OCoLC)23498051
040 _aDLC
_cMiU
_dDLC
042 _apremarc
050 0 0 _aBP104.8
_b.M3
130 0 _aQurʼan.
245 1 0 _aTafhīm al-Qurʼān.
260 _a[v.,
_c1963;
_a1958-]
300 _av.
_bmaps (part fold.)
_c27 cm.
500 _aRomanized.
630 0 0 _aQurʼan
_xCommentaries.
700 1 _aMaudoodi, Syed Abul ʻAla,
_d1903-1979
_eed. and tr.
999 _c72485
_d72485